000 00750cam a22002891 4500
001 29694
003 BD-RjUL
005 20211209051439.0
008 140406m19659999pk c 000 0 eng
035 _a(BD-RjUL)29779
035 _a(OCoLC)18611209
040 _aDLC
_cWaU
_dWaU
_dDLC
_beng
041 _aeng
082 _a954.7
_bPAK 1965
245 0 0 _aPak-India War, 1965.
250 _a[1st ed.]
260 _aKarachi :
_bGuidance Pub. House,
_c1965
300 _a287 p :
_bill. ;
_c18 cm.
490 0 _aGuidance series
500 _aCover title.
500 _aVol. 1 by Nek Alam.
650 0 _aIndia-Pakistan Conflict, 1965.
_990435
700 1 _aAlam, Nek.
_990436
942 _2ddc
_cBK
999 _c29694
_d29694